Emoji Quiz #40 - Statistics

General Stats
  • This quiz has been taken 9 times
  • The average score is 19 of 25
Answer Stats
Hint Answer % Correct
β›Ί {tent}
100%
πŸ’ˆ {barber} pole
86%
πŸ›οΈ {bed}
86%
πŸ›ŽοΈ bellhop {bell}
86%
πŸͺ£ {bucket}
86%
πŸͺ‘ {chair}
86%
πŸ›‹οΈ {couch} and {lamp}
86%
🎌 crossed {flags}
86%
πŸšͺ {door}
86%
β›² {fountain}
86%
πŸͺž {mirror}
86%
πŸͺ  {plunger}
86%
🧻 roll of {paper}
86%
🚿 {shower}
86%
πŸŒ„ sunrise over {mountains}
86%
🚽 {toilet}
86%
πŸͺŸ {window}
86%
πŸ›— {elevator}
71%
🧳 {luggage}
71%
πŸŒ… {sunrise}
71%
πŸŒƒ {night} with stars
57%
πŸŒ† cityscape at {dusk}
43%
🌁 {foggy}
43%
♨️ hot {springs}
43%
πŸŒ‡ {sunset}
43%
No matching quizzes found
Score Distribution
Percent of People with Each Score
Percentile by Number Answered
Your Score History
You have not taken this quiz